sza songs - Statistiques

Statistiques générales
  • Ce quiz a été pris 160 fois
    114 depuis la dernière actualisation
  • Le résultat moyen est 25 sur 81
Statistiques - réponses
Réponse % Correct
kill bill
82%
SOS
75%
good days
72%
nobody gets me
66%
open arms
66%
snooze
66%
saturn
64%
love galore
61%
broken clocks
58%
the weekend
57%
low
54%
drew barrymore
52%
kitchen
52%
supermodel
52%
30 for 30
49%
20 something
48%
shirt
48%
BMF
46%
normal girl
46%
special
45%
all the stars
43%
i hate u
43%
blind
42%
crybaby
40%
F2F
40%
doves in the wind
39%
used
37%
drive
36%
another life
34%
diamond boy
34%
garden
34%
kiss me more
34%
far
33%
prom
33%
seek & destroy
33%
ghost in the machine
31%
love language
31%
notice me
31%
what do i do
31%
chill baby
30%
scorsese baby daddy
30%
conceited
28%
forgiveless
28%
my turn
28%
go gina
27%
gone girl
27%
2AM
25%
jodie
25%
pretty little birds
25%
anything
24%
no more hiding
24%
smoking on my ex pack
24%
wavy
24%
awkward
22%
love me 4 me
21%
too late
21%
babylon
19%
julia
19%
miles
19%
hit different
18%
childs play
16%
percolator
16%
tread carefully
13%
omega
12%
persuasive
12%
sweet november
12%
get behind me (interlude)
10%
hiiiJack
10%
no love
10%
fue mejor
9%
slime you out
9%
shattered ring
7%
the other side
7%
ur
7%
green mile
6%
no szns
6%
warm winds
6%
the anonymous ones
4%
beautiful
3%
just for me
0%
just us
0%
Aucun quiz correspondant
Distribution des résultats
% des personnes avec chaque résultat
Percentile par nombre de réponses
Votre historique - résultats
Vous n’avez pas pris ce quiz depuis la dernière actualisation